000 00695cam a22002413a 4500
001 32874
003 PGUSA
005 20140828083718.0
008 100618s2010||||xxu|||||s|||||000 1 eng d
040 _aPGUSA
_beng
042 _adc
050 4 _aPS
100 1 _aMagee, Knox
245 1 0 _aWith Ring of Shield
_h[electronic resource] /
_cKnox Magee
260 _bProject Gutenberg,
_c2010
506 _aPublic domain in the USA.
516 _aElectronic text
653 _aGreat Britain -- History -- House of York, 1461-1485 -- Fiction
700 1 _aCarter, F. A.
_q(Freeland A.)
830 0 _aProject Gutenberg
_v32874
856 4 0 _uhttp://www.gutenberg.org/ebooks/32874
942 _cEB
999 _c262129
_d262129